Trenta mil pessetes per un home, i altres narracions / (Record no. 39900)

MARC details
000 -LEADER
campo de control de longitud fija 00697nam a2200205 i 4500
001 - NÚMERO DE CONTROL
campo de control 39900
003 - IDENTIFICADOR DE NÚMERO DE CONTROL
campo de control ES-MaACL
005 - FECHA Y HORA DE LA ÚLTIMA TRANSACCIÓN
campo de control 20250804063357.0
007 - CAMPO FIJO DE DESCRIPCIÓN FÍSICA--INFORMACIÓN GENERAL
campo de control de longitud fija t|
008 - DATOS DE LONGITUD FIJA--INFORMACIÓN GENERAL
campo de control de longitud fija 030304s1968 sp ||||1| cat d
100 1# - ENTRADA PRINCIPAL--NOMBRE DE PERSONA
Nombre de persona Candel, Francisco,
Fechas asociadas al nombre 1925-2007
9 (RLIN) 34448
245 10 - MENCIÓN DEL TÍTULO
Título Trenta mil pessetes per un home, i altres narracions /
Mención de responsabilidad, etc. Francesc Candel ; traducció de Ramón Folch i Camarasa.
250 ## - MENCION DE EDICION
Mención de edición [1ª ed.].
260 ## - PUBLICACIÓN, DISTRIBUCIÓN, ETC.
Lugar de publicación, distribución, etc. Madrid, etc. :
Nombre del editor, distribuidor, etc. Alfaguara,
Fecha de publicación, distribución, etc. [1968]
300 ## - DESCRIPCIÓN FÍSICA
Extensión 239 p. ;
Dimensiones 21 cm.
700 1# - ENTRADA AGREGADA--NOMBRE PERSONAL
Nombre de persona Folch i Camarasa, Ramon,
Fechas asociadas al nombre 1926-
9 (RLIN) 51450
740 0# - ENTRADA AGREGADA--TÍTULO RELACIONADO/ANALÍTICO NO CONTROLADO
Título relacionado o analítico no controlado 30000 mil pessetes per un home, i altres narracions.
852 ## - LOCALIZACIÓN
Ubicación ES-MaACL
Número de control de estantería C-36960
Sublocalización o colección R.68332
Holdings
Estatus retirado Estado de pérdida Estado de daño No para préstamo Biblioteca de origen Biblioteca actual Ubicación en estantería Fecha de adquisición Fuente de adquisición Total de préstamos Signatura topográfica completa Código de barras Visto por última vez Precio de reemplazo Tipo de ítem Koha
        Biblioteca del Ateneo de Madrid Biblioteca del Ateneo de Madrid Depósito 2 17/01/2008     C-36960 1042015 23/02/2023 23/02/2023 Libro impreso